Warburg "continuatus" (Record no. 179703)

MARC details
000 -LEADER
campo de control de longitud fija 01213nam a2200313 i 4500
001 - NÚMERO DE CONTROL
campo de control 179703
003 - IDENTIFICADOR DE NÚMERO DE CONTROL
campo de control ES-MaACL
005 - FECHA Y HORA DE LA ÚLTIMA TRANSACCIÓN
campo de control 20250905102000.0
008 - DATOS DE LONGITUD FIJA--INFORMACIÓN GENERAL
campo de control de longitud fija 120111s2010 sp aeo |||| | spa d
020 ## - NÚMERO INTERNACIONAL ESTÁNDAR DEL LIBRO
Número Internacional Estándar del Libro 978-84-938142-6-7
080 ## - NÚMERO DE LA CLASIFICACIÓN DECIMAL UNIVERSAL
Número de la Clasificación Decimal Universal 027(410.111 L.)
100 1# - ENTRADA PRINCIPAL--NOMBRE DE PERSONA
Nombre de persona Settis, Salvatore.
9 (RLIN) 149001
245 10 - MENCIÓN DEL TÍTULO
Título Warburg "continuatus"
Resto del título : descripción de una biblioteca /
Mención de responsabilidad, etc. Salvatore Settis ; testimonios de Fritz Saxl y Eric M. Warburg ; introducción de Fernando Checa.
250 ## - MENCION DE EDICION
Mención de edición 1ª ed.
260 ## - PUBLICACIÓN, DISTRIBUCIÓN, ETC.
Lugar de publicación, distribución, etc. Barcelona :
Nombre del editor, distribuidor, etc. Ediciones de La Central ;
Lugar de publicación, distribución, etc. Madrid :
Nombre del editor, distribuidor, etc. Museo Nacional Centro de Arte Reina Sofía,
Fecha de publicación, distribución, etc. 2010.
300 ## - DESCRIPCIÓN FÍSICA
Extensión 121 p. :
Otras características físicas il., fot., planos ;
Dimensiones 24 cm.
490 1# - MENCIÓN DE SERIE
Mención de serie Coup de dés
504 ## - NOTA DE BIBLIOGRAFÍA, ETC.
Nota de bibliografía, etc. Referencias bibliográficas.
610 27 - PUNTO DE ACCESO ADICIONAL DE MATERIA--NOMBRE DE ENTIDAD CORPORATIVA
Nombre de entidad corporativa o nombre de jurisdicción como elemento de entrada Warburg Institute.
Unidad subordinada Library.
9 (RLIN) 147269
650 04 - PUNTO DE ACCESO ADICIONAL DE MATERIA--TÉRMINO DE MATERIA
Término de materia o nombre geográfico como elemento de entrada Bibliotecas.
9 (RLIN) 188814
700 1# - ENTRADA AGREGADA--NOMBRE PERSONAL
Nombre de persona Saxl, Fritz.
9 (RLIN) 104096
700 1# - ENTRADA AGREGADA--NOMBRE PERSONAL
Nombre de persona Warburg, Eric M.
9 (RLIN) 149002
700 0# - ENTRADA AGREGADA--NOMBRE PERSONAL
Nombre de persona Checa Cremades, Fernando,
Fechas asociadas al nombre 1952-
9 (RLIN) 38301
710 2# - ENTRADA AGREGADA--NOMBRE DE ENTIDAD CORPORATIVA
Nombre de entidad corporativa o nombre de jurisdicción como elemento de entrada Museo Nacional Centro de Arte Reina Sofía
9 (RLIN) 147737
830 0# - PUNTO DE ACCESO ADICIONAL DE SERIE-TÍTULO UNIFORME
Título uniforme Coup de dés
9 (RLIN) 224520
852 ## - LOCALIZACIÓN
Ubicación ES-MaACL
Número de control de estantería A-11865
itemnumber 186602
Sublocalización o colección R.146726
Ubicación en estantería Depósito 1
Signatura antigua Olim: N-4870
942 ## - ELEMENTOS DE ENTRADA SECUNDARIOS (KOHA)
Fuente del sistema de clasificación o colocación Clasificación decimal universal
Tipo de ítem Koha Libro impreso
Holdings
Estatus retirado Estado de pérdida Fuente del sistema de clasificación o colocación Estado de daño No para préstamo Colección Biblioteca de origen Biblioteca actual Ubicación en estantería Fecha de adquisición Fuente de adquisición Total de préstamos Signatura topográfica completa Código de barras Visto por última vez Precio de reemplazo Tipo de ítem Koha
    Clasificación decimal universal     Biblioteca profesional Biblioteca del Ateneo de Madrid Biblioteca del Ateneo de Madrid Depósito 1 11/01/2012 Compra   A-11865 1188784 23/02/2023 23/02/2023 Libro impreso